| 000 | 00494nam a22001577a 4500 | ||
|---|---|---|---|
| 003 | PILC | ||
| 005 | 20151105142437.0 | ||
| 008 | 151105b xxu||||| |||| 00| 0 eng d | ||
| 020 | _a9781680942057 | ||
| 050 |
_aRC 467 _b.C761 2015 |
||
| 245 |
_aContemporary clinical psychology / _ceditors Xiang Ko Kau abd Belka Polotentsev. |
||
| 260 |
_aNew York : _bArcler Press, _c2015. |
||
| 300 |
_a269 pages ; _c25 cm. |
||
| 500 | _aIncludes bibliographical references and index. | ||
| 942 |
_2lcc _cBK _kFOR |
||
| 999 |
_c288927 _d288927 |
||